000 00549nam a22001817a 4500
005 20251108164901.0
008 250721s1983 xx 000 0 ara d
082 1 4 _a372.52/محم
100 1 _aالبسيوني، محمود
245 1 0 _aالرسم في المدرسة الإبتدائية /
250 _aط3.، مزيدة و منقحة
264 1 _aالقاهرة :
_bدار المعارف،
_c1983.
300 _a121ص : مص
650 1 7 _aالتعليم الإبتدائي
650 1 7 _aالرسم
942 _2ddc
_cBK
999 _c16625
_d16625